000 00443nam a2200181Ia 4500
005 20250423095440.0
008 250422s9999 xx 000 0 und d
020 _a0201566117
050 _aTK 153 .C442/
100 _aCheng, David K.
245 0 _aFundamentals of engineering electromagnetics
260 _aReading
260 _bAddison Wesley
260 _c1993
300 _a488 p
650 _aElectric engineering
942 _cBK
999 _c30309
_d30309